Quizzes
Events
Quiz Creation
Community
Videos
Private Events
Remove Ads
Sign In
Join for FREE
Feedback
Dark Mode
Quiz Categories
Sports
Geography
Music
Movies
Television
Just For Fun
Miscellaneous
History
Literature
Language
Science
Gaming
Entertainment
Religion
Holiday
For Kids
Quiz Lab
Recent
Popular Today
Quiz Kudos Today
Editor Picks
Curator Picks
Quizzes by...
Day
Popularity
Type
Ratings
Length
Year
Community
Subscriptions
Recent Discussions
Orange Saloon
Badges
Playlists
Quests
Create
Leaderboards
Showdown
Live 5
Trivia Bingo
Activity
Puzzle Library
Sporcle Events
Private Events
Virtual Trivia
Globe League
Become a Host
Pub Owners
SporcleCon
Opinionation
Our Games
Videos
Blog
Mobile Apps
Partnerships
Remove Ads and Go Orange
Feedback
Sports
Athletes
MLB
NBA
NHL
NFL
Soccer
Sports Teams
WWE
NCAA
Football
Premier League
Basketball
Baseball
Hockey
Golf
Tennis
Cricket
Rugby
Auto Racing
Olympics
World Cup
Sports
Athletes
MLB
NBA
NHL
NFL
Soccer
Sports Teams
WWE
NCAA
Football
Premier League
Basketball
Baseball
Hockey
Golf
Tennis
Cricket
Rugby
Auto Racing
Olympics
World Cup
Random Quiz
Search Sporcle
×
Quiz Lab
Quiz Lab
Sports
NBA
Type in answers that appear in a list
Type in answers that appear in a list
Classic
Best Score? Go Orange.
Greatest NBA Players from Different Sources Stats
Name the greatest NBA players from Different Sources
14m
100 Questions
455 Plays
455 Plays
455 Plays
Comments
Comments
Give Quiz Kudos
Give Quiz Kudos
-
- Ratings
hide this ad
Replay
Link that replays current quiz
Next Quiz
Link to next quiz in quiz playlist
You Got
0%
They Got
Avg Score
94%
Avg Friend Score
Upgrade to see
Score Distribution
Jump to the score distribution portion of the page
Score
0/100
Timer
14:00
0
Plays Today
Hint
Answer
% Correct
CBS Sports
Michael Jordan
99.3%
Bleacher Report
Michael Jordan
99.3%
Sports Illistrated
Michael Jordan
99.3%
ESPN
Michael Jordan
99.3%
SLAM
Michael Jordan
99.3%
Sporteology
Michael Jordan
99.3%
FOX Sports
Michael Jordan
99.3%
Metro
Michael Jordan
99.3%
Ranker
Michael Jordan
99.3%
Encyclopedia Britannica
Michael Jordan
99.3%
CBS Sports
Lebron James
98.5%
Sports Illistrated
Lebron James
98.5%
ESPN
Lebron James
98.5%
Sporteology
Lebron James
98.5%
FOX Sports
Lebron James
98.5%
Metro
Lebron James
98.5%
Encyclopedia Britannica
Lebron James
98.5%
CBS Sports
Larry Bird
97.4%
Bleacher Report
Larry Bird
97.4%
Sports Illistrated
Larry Bird
97.4%
ESPN
Larry Bird
97.4%
SLAM
Larry Bird
97.4%
Sporteology
Larry Bird
97.4%
FOX Sports
Larry Bird
97.4%
Metro
Larry Bird
97.4%
Ranker
Larry Bird
97.4%
Encyclopedia Britannica
Larry Bird
97.4%
CBS Sports
Magic Johnson
96.7%
Bleacher Report
Magic Johnson
96.7%
Sports Illistrated
Magic Johnson
96.7%
ESPN
Magic Johnson
96.7%
SLAM
Magic Johnson
96.7%
Sporteology
Magic Johnson
96.7%
FOX Sports
Magic Johnson
96.7%
Hint
Answer
% Correct
Metro
Magic Johnson
96.7%
Ranker
Magic Johnson
96.7%
Encyclopedia Britannica
Magic Johnson
96.7%
CBS Sports
Wilt Chamberlain
96.5%
CBS Sports
Kareem Abdul-Jabbar
96.5%
Bleacher Report
Kareem Abdul-Jabbar
96.5%
Bleacher Report
Wilt Chamberlain
96.5%
Sports Illistrated
Kareem Abdul-Jabbar
96.5%
Sports Illistrated
Wilt Chamberlain
96.5%
ESPN
Kareem Abdul-Jabbar
96.5%
ESPN
Wilt Chamberlain
96.5%
SLAM
Wilt Chamberlain
96.5%
SLAM
Kareem Abdul-Jabbar
96.5%
Sporteology
Kareem Abdul-Jabbar
96.5%
Sporteology
Wilt Chamberlain
96.5%
FOX Sports
Kareem Abdul-Jabbar
96.5%
FOX Sports
Wilt Chamberlain
96.5%
Metro
Kareem Abdul-Jabbar
96.5%
Metro
Wilt Chamberlain
96.5%
Ranker
Kareem Abdul-Jabbar
96.5%
Ranker
Wilt Chamberlain
96.5%
Encyclopedia Britannica
Wilt Chamberlain
96.5%
Encyclopedia Britannica
Kareem Abdul-Jabbar
96.5%
CBS Sports
Kobe Bryant
95.2%
Bleacher Report
Kobe Bryant
95.2%
SLAM
Kobe Bryant
95.2%
Ranker
Kobe Bryant
95.2%
CBS Sports
Shaquille O’Neal
94.3%
ESPN
Shaquille O’Neal
94.3%
SLAM
Shaquille O’Neal
94.3%
Sporteology
Shaquille O’Neal
94.3%
FOX Sports
Shaquille O’Neal
94.3%
Ranker
Shaquille O’Neal
94.3%
Encyclopedia Britannica
Shaquille O’Neal
94.3%
Hint
Answer
% Correct
CBS Sports
Bill Russell
93.8%
Bleacher Report
Bill Russell
93.8%
Sports Illistrated
Bill Russell
93.8%
ESPN
Bill Russell
93.8%
SLAM
Bill Russell
93.8%
Sporteology
Bill Russell
93.8%
FOX Sports
Bill Russell
93.8%
Metro
Bill Russell
93.8%
Ranker
Bill Russell
93.8%
Encyclopedia Britannica
Bill Russell
93.8%
CBS Sports
Tim Duncan
93.6%
Bleacher Report
Tim Duncan
93.6%
Sports Illistrated
Tim Duncan
93.6%
ESPN
Tim Duncan
93.6%
SLAM
Tim Duncan
93.6%
Sporteology
Tim Duncan
93.6%
FOX Sports
Tim Duncan
93.6%
Metro
Tim Duncan
93.6%
Encyclopedia Britannica
Tim Duncan
93.6%
Bleacher Report
Hakeem Olajuwon
87.7%
ESPN
Hakeem Olajuwon
87.7%
Sporteology
Hakeem Olajuwon
87.7%
FOX Sports
Hakeem Olajuwon
87.7%
Ranker
Hakeem Olajuwon
87.7%
Sports Illistrated
Jerry West
85.9%
Metro
Jerry West
85.9%
Bleacher Report
Oscar Robertson
83.1%
Sports Illistrated
Oscar Robertson
83.1%
SLAM
Oscar Robertson
83.1%
Metro
Oscar Robertson
83.1%
Encyclopedia Britannica
Oscar Robertson
83.1%
Ranker
Dr. J
70.1%
Quiz Playlist
Details
Report
Send in Message
Add To Playlist
Classic:
Type in answers that appear in a list
Last Updated: Sep 6, 2017
Quiz Scoreboard
CHALLENGE
Sign Up to Join the Scoreboard
Show All
Scores
Hide
Comments
May contain spoilers
Recently Published
An Introduction to Baseball
by treessimontrees
Sports
5m
Movies - When Are They Set?
by FPL_Elf
Movies
5m
Popular People in 1961
by mucciniale
History
6m
More to Explore
Quiz From the Vault
Featured Blog Post
Where Did the Easter Bunny Come From?
hide this ad
You Might Also Like...
Tags
Athletes Quiz
Basketball Quiz
NBA Quiz
Different
greatest
Michael Jordan
NBA Player
source
Top 10
Today's Top Quizzes in Sports
Browse Sports
hide this ad
Today's Top Quizzes in NBA
Browse NBA
Top Contributed Quizzes in Sports
1
Les meilleurs buteurs des matchs entre le PSG et l’OM
2
2022 World Cup Stars
3
FIFA Club World Cup Champions
4
Les entraîneurs de l'OM et du PSG au 21e siècle
5
Name the Premier League winners with different clubs
6
La finale Lions - Afrique du Sud 2021
7
Les joueurs passés par le LOSC et le RC Lens
8
Criteria MLB: Left Handed Sluggers
9
Players with Multiple 50 Home Run Seasons
10
5-to-1: UK Sports Teams
Explore More
Trending Topics
NBA
Harry Potter
Anime
Kpop
Crossword
Marvel
Disney
Pokémon
Song
Country
WWE
Soccer
Puzzle
NFL
The Office
hide this ad
Score Distribution
Popular Quizzes Today
1
Find the Countries of Europe - No Outlines Minefield
2
Find the US States - No Outlines Minefield
3
The Countries of the World
4
Popular People in 1961
5
US States
6
Find the US States
7
1-10 Letter E Words III
8
Risky Map Clicking: Biggest States A-Z
More Sports Quizzes
Euro 2020/21 Finals Groups
Quiz Lab
Trending Quizzes
Risky Map Clicking: Least Populous States A-Z
1-10 Letter F Words
1-10 Letter G Words
One Thing in Common: United Kingdom
Not Quite an Element Typing Challenge
Recently Updated
Leaping Animals
pecheneg
Reality TV Shows (A-Z)
bhenderson79
Rickey Henderson's Hall of Fame Teammates
pecheneg
Champions League XIs: Arsenal
pecheneg
Quick Pick: Celebrities in WWE's Hall of Fame
aduchscher
A-Z Keypad Blitz II
pecheneg
Multiple Oscar Actors
pecheneg
Mystery Phrase Blitz: Oscar 'Best Actors'
pecheneg
F. Scott Fitzgerald Novels
LTH
Pick 3 Villains
ddd62291
Trending Topics
Marvel
Disney
Crossword
NBA
Anime
Harry Potter
Kpop
Pokémon
The Office
Song
Puzzle
Country
NFL
Soccer
WWE
Your Account Isn't Verified!
In order to create a playlist on Sporcle, you need to verify the email address you used during registration. Go to your
Sporcle Settings
to finish the process.
Report this User
Report this user for behavior that violates our
Community Guidelines
.
Details:
Send Report
Go to the Sporcle.com Mobile Site →
Comments